000
00277nam a2200121 a 4500
008
100917s1980|||| d
100
1
_a
Dvořáková, Helena
245
1
0
_a
Zimné búrky
260
_b
Smena
_a
Bratislava
_c
1980
020
_c
16
044
_a
xo
_c
SK
041
_a
slo
999
_c
10455
_d
10455